| 000 | 00508nam a22001697a 4500 | ||
|---|---|---|---|
| 003 | BD-DhUL | ||
| 005 | 20190703113942.0 | ||
| 008 | 190702s1993 ii ||||| |||| 00| 0 urd d | ||
| 040 |
_aBD-DhUL _cBD-DhUL |
||
| 082 |
_a891.551 _bSHR |
||
| 100 | 0 | _aسجاع (خاور)۔ | |
| 245 | 1 | 0 |
_aرشک فارسی غزلیں / _cسجاع (خاور)۔ _b |
| 260 |
_aنئ دھلی : _bگرین بک پبلشرز، _c۱۹۹۳۔ |
||
| 300 |
_aص۔ ۱۹۲ ؛ _c۲۴ سم۔ |
||
| 650 | 4 | _aPersian poetry | |
| 942 |
_2ddc _cBK |
||
| 999 |
_c248591 _d248591 |
||